|
|
|
|
| LEADER |
01068nam a22002892a 4500 |
| 001 |
001682153 |
| 003 |
CZ BrMZK |
| 005 |
20230518103408.0 |
| 007 |
ta |
| 008 |
190510s1941 gw er|||||||||||ger d |
| 020 |
|
|
|q (Brož.) :
|c Kč 100,00
|
| 040 |
|
|
|a ABA001
|b cze
|d BOA001
|e aacr2
|
| 041 |
0 |
|
|a ger
|a lat
|
| 100 |
1 |
|
|a Kepler, Johannes,
|d 1571-1630
|7 jn19990004274
|4 aut
|
| 245 |
1 |
0 |
|a Johannes Kepler Gesammelte Werke.
|n Band IV,
|p Kleinere Schriften 1602/1611, dioptrice /
|c Johannes Kepler ; herausgegeben von Max Caspar und Franz Hammer
|
| 246 |
3 |
0 |
|a Gesammelte Werke
|
| 246 |
3 |
0 |
|a Kleinere Schriften 1602/1611, dioptrice /
|
| 260 |
|
|
|a München :
|b C.H. Beck'sche Verlagsbuchhandlung,
|c 1941
|
| 300 |
|
|
|a 524 s. ;
|c 31 cm
|
| 500 |
|
|
|a Obsahuje rejstřík
|
| 546 |
|
|
|a Část. latinský text
|
| 700 |
1 |
|
|a Caspar, Max,
|d 1880-1956
|7 skuk0001974
|4 com
|
| 700 |
1 |
|
|a Hammer, Franz,
|d 1898-1969
|4 com
|
| 910 |
|
|
|a BOA001
|b 4-0165.946,4
|
| 990 |
|
|
|a BK
|
| 991 |
|
|
|b 201905
|
| 996 |
7 |
|
|b 2618968933
|c 4-0165.946,4
|l MZK
|r Sklad / do 24 hodin
|n 0
|w 001722154
|u 000010
|a 1
|e BOA001
|j MZK50
|s A
|